000 00915cam a22003017a 4500
003 CHAP
005 20220329142949.0
008 050428d1998 mx r 00110 spa d
010 _a90207
011 _a91179
020 _a8471539896
035 _a101737
040 _cCHAP
082 0 4 _a463
_bD54
245 1 0 _aDiccionario ideológico de la lengua española
_c/ed. por Manuel Alvar Ezquerra
260 _aBarcelona :
_bBibliograf,
_c1998.
300 _a1625 p.
590 _aBATCH-UPD
_b10
_c20130110
_lUCH01
_h2049
590 _aBATCH-UPD
_b10
_c20130410
_lUCH01
_h1402
590 _aBATCH-UPD
_b10
_c20130914
_lUCH01
_h1334
590 _aCONVERSION
_b10
_c20130109
_lUCH01
_h1350
650 1 4 _aEspañol
_xDiccionarios.
_937725
700 0 _aAlvar Ezquerra, Manuel.
_94746
901 _aBK
905 _aLilia
942 _cLIBRO
949 _a463 D54
_bBC
_cC
_d33724000945846
_eC
_gI.c/e
_h105549
_i101737
_sb
_t$380.00
999 _c90207
_d90207